000 00355 a2200109 4500
001 ART_13541
005 20260410161910.0
008 260409a
245 1 0 _aLa problemática acerca de las desigualdades regionales
100 1 _aCoraggio, José Luis
773 0 _tDemografía y economía
_g- Vol. XII, Nº 35 (mayo/ago. 1978)
_wREV13200
999 _c26725
_d26725